| 000 | 00802nam a2200241Ia 4500 | ||
|---|---|---|---|
| 003 | OSt | ||
| 005 | 20251016165247.0 | ||
| 008 | 220923b |||||||| |||| 00| 0 eng d | ||
| 020 | _a9788120809819 | ||
| 037 | _cGeneral Book | ||
| 040 |
_aRTL _cRTL _beng |
||
| 041 |
_2eng _aeng |
||
| 084 |
_aY:3(NT).2.N, N0 _qRTL |
||
| 245 | 0 | _aIndian theatre: traditions of performance | |
| 260 |
_a New Delhi _bMotilal Banarsidas Publishers _c1990 |
||
| 300 |
_axvi, 487 p. _ccm. _bIncludes bibliographical references and index. |
||
| 650 |
_aSociology _9848641 |
||
| 700 |
_aRichmond, Farley P. _eEditor _9848642 |
||
| 700 |
_aSwann, Darius L. _eEditor _9848643 |
||
| 700 |
_aZarrilli, Phillip B. _eEditor _9848644 |
||
| 942 |
_hY:3(NT).2.N, N0 _cGB _2CC _n0 |
||
| 999 |
_c605107 _d605107 |
||